| 000 | 00707nam a22002177a 4500 | ||
|---|---|---|---|
| 003 | OSt | ||
| 008 | 260629b |||||||| |||| 00| 0 eng d | ||
| 020 | _a978-3031261961 | ||
| 082 |
_a664.001579 _bS54F |
||
| 100 | _aShen, Cangliang | ||
| 245 |
_aFood Microbiology Laboratory for the Food Science Student: _bA Practical Approach _cShen, Cangliang |
||
| 250 | _a2nd edition | ||
| 260 |
_aSwitzerland AG _bSpringer Nature _c2023 |
||
| 300 | _axvii., 160p. | ||
| 365 | _e7815.00, INR | ||
| 650 | _aFood $x Microbiology. | ||
| 650 | _aFood $x Microbiology $v Laboratory manuals. | ||
| 650 | _aFood safety $v Laboratory manuals. | ||
| 650 | _aFood microbiology $v Laboratory manuals. | ||
| 942 |
_2ddc _cBK |
||
| 999 |
_c52471 _d52471 |
||